| 000 | 00845cam a22002895a 4500 | ||
|---|---|---|---|
| 001 | 017877958 | ||
| 003 | OSt | ||
| 005 | 20171115140431.0 | ||
| 008 | 160531t2016 enk frb f001 0 eng d | ||
| 020 | _a9780198732815 | ||
| 040 |
_aStDuBDS _beng _cStDuBDS _dUk _dEG-ScBUE |
||
| 082 | 0 | 4 |
_a346.4202 _222 _bPOO |
| 100 | 1 | 0 | _aPoole, Jill. |
| 245 | 1 | 0 |
_aCasebook on contract law / _cJill Poole. |
| 246 | 3 | 0 | _aContract law |
| 250 | _a13th ed. | ||
| 260 |
_aOxford : _bOxford University Press, _cc.2016. |
||
| 300 |
_axlvi, 795 p. ; _c25 cm. |
||
| 500 | _aPrevious edition: 2014. | ||
| 504 | _aIncludes bibliographical references and index. | ||
| 650 | 7 |
_aContracts _zEngland _vCases. _2BUEsh |
|
| 650 | 7 |
_aContracts _zWales _vCases. _2BUEsh |
|
| 651 | _2BUEsh | ||
| 653 |
_bLLAAWW _cNovember2017 |
||
| 655 |
_vReading book _934232 |
||
| 942 | _2ddc | ||
| 999 |
_c25590 _d25562 |
||